Catalog

Record Details

Catalog Search



Sociální práce 4/2010 : Zdravotní postižení v kontextu sociální práce Cover Image Book Book

Sociální práce 4/2010 : Zdravotní postižení v kontextu sociální práce Asociace vzdělavatelů v sociální práci

Record details

  • Physical Description: 158 s.
  • Edition: č.4
  • Publisher: Brno Asociace vzdělavatelů v sociální práci 2010

Available copies

  • 3 of 3 copies available at Common Catalog SPOK.

Holds

  • 0 current holds with 3 total copies.
Show All Copies
Location Call Number / Copy Notes Barcode Shelving Location Status Due Date
ETS Library 362 424470012282 Volný výběr Available -
ETS Library 362 424470012283 Volný výběr Available -
ETS Library 362 424470012284 Volný výběr Available -

LDR 00886nam a2 00265
00132642
003CZ-PrJAB
00520140124000000.0
008101220s2010 xr e |||| |cze
009cz
035 . ‡a(CONS)8491
035 . ‡aKPS13515
040 . ‡aABG450
041 . ‡acze
08214. ‡a362
100 . ‡aAsociace vzdělavatelů v sociální práci
245 . ‡aSociální práce 4/2010 : ‡bZdravotní postižení v kontextu sociální práce ‡cAsociace vzdělavatelů v sociální práci
250 . ‡ač.4
260 . ‡aBrno ‡bAsociace vzdělavatelů v sociální práci ‡c2010
300 . ‡a158 s.
653 . ‡aZdravotní postižení v kontextu sociální práce
8524 . ‡bETS ‡bETS ‡cVolný výběr ‡j362 ‡gA ‡p424470012283
8524 . ‡bETS ‡bETS ‡cVolný výběr ‡j362 ‡gA ‡p424470012284
8524 . ‡bETS ‡bETS ‡cVolný výběr ‡j362 ‡gA ‡p424470012282
910 . ‡aABG450
999 . ‡a8491 ‡bAUTOGEN ‡c8491 ‡tbiblio
905 . ‡uadmin
901 . ‡a32642 ‡b ‡c32642 ‡tbiblio ‡sets

Additional Resources